000 00679nam a2200277Ia 4500
005 20260324120432.0
008 008 260324s9999 xx 000 0 eng d
020 _a9781315654263
037 _aEBOOK
040 _aCRL
040 _beng
040 _cCRL
041 _2eng
041 _aeng
084 _qCRL
100 _aSerena Trowbridge; Thomas Knowles
_91158561
245 0 _aInsanity and the Lunatic Asylum in the Nineteenth Century
260 _bTaylor and Francis
260 _c2015
365 _a
365 _b240
856 _uhttp://www.taylorfrancis.com/books/9781315654263
942 _cEBOOK
999 _c1750091
_d1750091